00319nam a2200121 a 4500001000400000003000500004005001700009008004100026040002000067100002700087245006300114260002000177760CDMR20130116135157.0130130s1975||||||||||||||||||||||||||||d aCDMRbcatcCDMR1 aSintas Bellido, Montse10aDiez años hablando de lo mismo...cMontse Sintas Bellido aBarcelonac1975